Notas ampuritanas : 4 4
Descripción Física:
p. 359-390 : il. ; 27 cm
MARC
| LEADER | 00000nam a2200000Ia 4500 | ||
|---|---|---|---|
| 001 | 7939 | ||
| 008 | 160829s1972?] xx 000 0 cat d | ||
| 080 | |a FU-16-15 | ||
| 245 | |a Notas ampuritanas : |b 4 | ||
| 260 | |a [Barcelona : |b (Imp. Escola C. P. Caridad), |c 1972?] | ||
| 300 | |a p. 359-390 : |b il. ; |c 27 cm | ||
| 590 | |a Conté: Notas acerca de los orígenes de la ciudad romana de Ampurias / Eduardo Ripoll Perelló. Nota sobre sigillata clara de Ampurias / E. Sanmartí Grego. Un gladiador ampuritano: Pardus / Pablo Piernavieja Rozitis. Una ara pintada de Ampurias dedicada a Esculapio / F. Javier Nieto Prieto. | ||
| 590 | |a Separata d'Ampurias ; 33-34 | ||
| 650 | |a Ceràmica romana |9 34468 | ||
| 650 | |a Gladiadors I |9 33232 | ||
| 650 | |a Altars |x Empúries (Ciutat antiga) |9 33233 | ||
| 651 | 0 | |a Empúries (Ciutat antiga) |x Història |9 55526 | |
| 700 | 1 | |a Ripoll i Perelló, Eduard, |d 1923-2006 |9 20913 | |
| 700 | |a Sanmartí i Grego, Enric |9 19674 | ||
| 700 | |a Piernavieja Rozitis, Pablo I |9 33234 | ||
| 700 | |a Nieto, Xavier |9 33235 | ||
| 901 | |a Arxiu | ||
| 942 | |n 1 | ||
| 952 | |0 0 |1 0 |4 0 |6 FU1615 |7 1 |9 46242 |a Arxiu |b Arxiu |d 2016-12-01 |l 0 |o FU-16-15 |p 7939 |r 2016-12-01 00:00:00 |w 2016-12-01 |y ARXIU | ||
| 999 | |c 49744 |d 49744 | ||